000
00325nam a2200121 a 4500
005
20141022142008.0
008
120228s19uu xx 00 eng d
050
_a
CD-ROM
_b
D49 2007
100
_a
Devon, Michelle
245
_a
Design your own effective employee handbook /
_c
Michelle Devon.
260
_c
2007.
942
_c
AVM
999
_c
276609
_d
276609